| 000 | 00496nam a2200205Ia 4500 | ||
|---|---|---|---|
| 008 | 141014s9999||||xx |||||||||||||| ||und|| | ||
| 010 | _a3486 | ||
| 020 | _aS/ISBN | ||
| 040 | _aANE | ||
| 041 | _aEs | ||
| 082 | _a657.6 O38 | ||
| 100 | _aOhlsson Ingvar | ||
| 245 |
_aContabilidad Nacional _cOhlsson Ingvar |
||
| 250 | _a 2da Ed | ||
| 260 |
_aMadrid, España _c1960 _bAguilar S.A. |
||
| 300 |
_a407 p _c22 cm |
||
| 500 | _aÍndice | ||
| 650 | _aContabilidad Nacional | ||
| 942 |
_cBK _2ddc _zNr. |
||
| 999 |
_c3636 _d3636 |
||